00441nam a2200133Ia 4500008004100000041000800041082001600049100001800065245004500083260002300128300003200151999001700183952010700200240624s9999 xx 000 0 und d aeng a658.049 CAI aCAIRNS GEORGE aVERY SHORT FAIRY INTERESTING AND REASONA c2008aLondonbSage aviii, : 176 : p. : cm. ; 19 c21569d21569 00104070aIMTNbIMTNcRack 20-Bd2013-07-24o658.049 CAIp21569r2024-06-24 00:00:00w2024-06-24yBK